عرض عادي
عرض مارك
- الوسائل التعليمية.
مدخل مصطلح موضوعي
001 - رقم الضبط
- حقل الضبط: 7209
003 - معرف رقم الضبط
- حقل الضبط: OSt
005 - تاريخ ووقت أخر عملية
- حقل الضبط: 20111204135350.0
008 - عناصر بيانات ثابتة الطول
- حقل تحكم ثابت الطول: 111204|||a|||||| | ||| d
040 ## - مصدر الفهرسة
- هيئة الفهرسة الأصلية: OSt
- وكالة الكتابة: OSt
150 ## - مدخل-- مصطلح تاريخي
- عنصر مدخل المصطلح الموضوعي او الاسم الجغرافي: الوسائل التعليمية.
670 ## - بيانات المصدر موجوده
- الاستشهاد بالمصدر: Work cat.: (OSt): ليفرز، كارن س. 7207, استخدام الوسائط المتعددة في التعليم :
